[Event "Reykjavik Open 2026"]
[Site "Reykjavik"]
[Date "2026.03.29"]
[Round "7.148"]
[White "Beyer, Nico"]
[Black "Acevedo Mendez, Lisseth"]
[Result "0-1"]
[WhiteElo "1668"]
[WhiteFideId "34671080"]
[BlackElo "1855"]
[BlackFideId "6502938"]
[Variant "Standard"]

1. c4 e5 2. g3 Nf6 3. Bg2 Nc6 4. Nc3 Bc5 5. e3 d6 6. Nge2 Qe7 7. O-O e4 8. a3 a5 9. Rb1 Bg4 10. Qc2 Ne5 11. Nf4 Nf3+ 12. Kh1 c6 13. h3 h5 14. d3 g5 15. Nfe2 exd3 16. Qxd3 Ne5 17. Qc2 Qe6 18. Nd4 Bxd4 19. exd4 Bf5 20. Ne4 Bxe4 21. Bxe4 Qxh3+ 22. Kg1 Neg4 23. f3 Qxg3+ 24. Qg2 Nxe4 25. Qxg3 Nxg3 26. Re1+ Kd7 27. fxg4 f6 28. Re3 h4 29. Rf3 Rhf8 30. Be3 Rae8 31. Bf2 Ne2+ 32. Kf1 Nf4 33. Bxh4 Rh8 34. Bf2 Rh1+ 35. Bg1 Rh4 36. Rg3 Ne2 37. Rg2 Nxg1 38. Kxg1 Re4 39. Rf1 Ke7 40. Kf2 Rhxg4 41. Rxg4 Rxg4 42. Ke3 Rg2 43. Rb1 f5 44. Kf3 Rc2 0-1

[Event "Reykjavik Open 2026"]
[Site "Reykjavik"]
[Date "2026.03.29"]
[Round "7.149"]
[White "Song, Jeffrey"]
[Black "Klasinc, Kristjan"]
[Result "1-0"]
[WhiteElo "1653"]
[WhiteFideId "30976987"]
[BlackElo "1853"]
[BlackFideId "12966460"]
[Variant "Standard"]

1. d4 d6 2. c4 e5 3. Nc3 Nd7 4. Nf3 Ngf6 5. e4 Be7 6. Be3 O-O 7. d5 Ng4 8. Bd2 f5 9. h3 fxe4 10. hxg4 exf3 11. Qc2 g6 12. gxf3 Bg5 13. Bd3 Kg7 14. Ne4 Bf4 15. O-O-O Nc5 16. Nxc5 dxc5 17. Bxf4 Rxf4 18. Rh3 Qg5 19. Kb1 Bd7 20. Rdh1 Rh8 21. Rh6 Rf6 22. Be4 Be8 23. Qe2 c6 24. Bf5 gxf5 25. Qxe5 Bg6 26. Qe7+ Bf7 27. f4 Qxh6 28. Rxh6 Rxh6 29. Qe5+ Kg8 30. g5 Rh1+ 31. Kc2 h5 32. Qf6 Rg1 33. d6 Be8 34. Qe7 h4 35. Qxe8+ Kg7 36. Qe7+ 1-0

[Event "Reykjavik Open 2026"]
[Site "Reykjavik"]
[Date "2026.03.29"]
[Round "7.150"]
[White "Blokzijl, Ruben"]
[Black "Tant, Sander"]
[Result "1-0"]
[WhiteElo "1851"]
[WhiteFideId "1091964"]
[BlackElo "1623"]
[BlackFideId "281166"]
[Variant "Standard"]

1. f4 c6 2. Nf3 Nf6 3. e3 d5 4. Be2 Bf5 5. Nc3 e6 6. Ne5 Nbd7 7. Nxd7 Qxd7 8. d3 h6 9. Bf3 Bb4 10. a3 Bxc3+ 11. bxc3 O-O 12. h4 Bh7 13. g4 Qc7 14. g5 hxg5 15. hxg5 Nd7 16. Be4 g6 17. Qg4 Rfe8 18. Qh4 Nf8 19. Bg2 e5 20. e4 exf4 21. Bxf4 Qa5 22. Bd2 Qa4 23. Kd1 Rad8 24. Qh6 dxe4 25. Bxe4 Rxe4 26. dxe4 Qxe4 27. Qh2 Rxd2+ 28. Kxd2 Qd5+ 29. Kc1 Qxg5+ 30. Kb2 Qb5+ 31. Ka2 Qd5+ 32. Kb2 g5 33. Rad1 Qb5+ 34. Kc1 Qa4 35. Rd8 Qxa3+ 36. Kd2 Qa4 37. Qxh7# 1-0

[Event "Reykjavik Open 2026"]
[Site "Reykjavik"]
[Date "2026.03.29"]
[Round "7.151"]
[White "Lervik, Anders"]
[Black "Hauksdottir, Hrund"]
[Result "1-0"]
[WhiteElo "1640"]
[WhiteFideId "1567870"]
[BlackElo "1830"]
[BlackFideId "2302608"]
[Variant "Standard"]

1. d4 d5 2. c4 e6 3. Nf3 a6 4. e3 Nf6 5. Bd3 dxc4 6. Bxc4 b5 7. Bd3 Bb7 8. O-O Nbd7 9. Nc3 c5 10. dxc5 Bxc5 11. b3 Bxf3 12. gxf3 Ne5 13. Be2 Qc7 14. Bb2 O-O 15. Rc1 Rfd8 16. Qc2 Rac8 17. Ne4 Ned7 18. Bxf6 gxf6 19. Rfd1 Kh8 20. Qc3 Qe5 21. Qxe5 fxe5 22. Nxc5 Rg8+ 23. Kf1 Rxc5 24. Rxc5 Nxc5 25. Rc1 Nd7 26. Rc7 Rd8 27. Ra7 Kg7 28. Rxa6 b4 29. Rd6 Kf8 30. Bb5 Ke7 31. Rxd7+ Rxd7 32. Bxd7 Kxd7 33. Ke2 Kd6 34. Kd3 Kd5 35. Kc2 f5 36. Kb2 f4 37. a4 bxa3+ 38. Kxa3 e4 39. fxe4+ Kxe4 40. exf4 Kxf4 41. b4 Ke5 42. b5 Kd6 43. Kb4 e5 44. Kc4 Kc7 45. Kc5 Kb7 46. Kd5 e4 47. Kxe4 Kb6 48. Ke5 Kxb5 49. f4 Kc6 50. Ke6 1-0

[Event "Reykjavik Open 2026"]
[Site "Reykjavik"]
[Date "2026.03.29"]
[Round "7.152"]
[White "De Hart, Arthur"]
[Black "Cogelja, Mihovil Niko"]
[Result "1-0"]
[WhiteElo "1611"]
[WhiteFideId "1044192"]
[BlackElo "1829"]
[BlackFideId "2528304"]
[Variant "Standard"]

1. e4 c5 2. c3 d5 3. exd5 Qxd5 4. Nf3 Nc6 5. d4 Bg4 6. Be2 e6 7. O-O Nf6 8. Be3 cxd4 9. cxd4 Be7 10. Nc3 Qd8 11. h3 Bh5 12. Qb3 Qd7 13. Rfd1 O-O 14. Ne5 Qc7 15. Nb5 Qc8 16. Bxh5 Nxh5 17. Rac1 Qd8 18. Nxc6 bxc6 19. Rxc6 Rb8 20. Qc4 Qa5 21. a4 Rb7 22. Bd2 Qd8 23. Rc1 h6 24. Ra6 Bg5 25. Bxg5 Qxg5 26. Qc5 Qg6 27. Qe5 Rd8 28. Rxa7 Rd5 29. Qe3 Rxa7 30. Nxa7 Rg5 31. g4 Ra5 32. Nc6 Qg5 33. Nxa5 Nf4 34. Rc5 Qf6 35. Nc4 Nd5 36. Qe4 g6 37. Rc8+ Kh7 38. Qe5 Qf3 39. Rh8# 1-0

[Event "Reykjavik Open 2026"]
[Site "Reykjavik"]
[Date "2026.03.29"]
[Round "7.153"]
[White "Xu, Ruixi"]
[Black "Otto, Michael"]
[Result "1/2-1/2"]
[WhiteElo "1550"]
[WhiteFideId "8640610"]
[BlackElo "1827"]
[BlackFideId "24617822"]
[Variant "Standard"]

1. d4 Nf6 2. c4 d5 3. g3 c6 4. Bg2 dxc4 5. Nf3 g6 6. Qc2 Bg7 7. Qxc4 Be6 8. Qb4 Qb6 9. Qxb6 axb6 10. a3 Na6 11. O-O Nb4 12. Nc3 Nc2 13. Rb1 Nd5 14. Rd1 O-O 15. Nxd5 Bxd5 16. Bf4 Bxf3 17. Bxf3 Nxd4 18. Be3 Nxf3+ 19. exf3 b5 20. Rd7 Rfd8 21. Rxe7 Rd3 22. Rxb7 Rc8 23. Rb6 Bd4 24. Bxd4 Rxd4 25. Rc1 Rd2 26. Rbxc6 Rxc6 27. Rxc6 Rxb2 28. Rb6 Rb3 29. Kg2 1/2-1/2

[Event "Reykjavik Open 2026"]
[Site "Reykjavik"]
[Date "2026.03.29"]
[Round "7.154"]
[White "Lekoudis, George"]
[Black "Niori, Toma"]
[Result "0-1"]
[WhiteElo "1814"]
[WhiteFideId "484679"]
[BlackElo "1639"]
[BlackFideId "7006519"]
[Variant "Standard"]

1. e4 c5 2. Nf3 Nc6 3. Bc4 e6 4. Nc3 a6 5. a4 Nf6 6. Qe2 Nd4 7. Nxd4 cxd4 8. Nb1 d5 9. exd5 Nxd5 10. O-O Bc5 11. d3 O-O 12. Nd2 b6 13. Ne4 Bb7 14. Bb3 h6 15. a5 Nf6 16. axb6 Bxb6 17. Bf4 Nxe4 18. dxe4 Qf6 19. Bg3 Qg6 20. Rfe1 Rfd8 21. Bc4 a5 22. Qd3 Rac8 23. b3 Bc5 24. Re2 Bb4 25. f3 Rc5 26. Be1 Bxe1 27. Raxe1 e5 28. Ra1 Qb6 29. Rf2 Qg6 30. Qd2 Ra8 31. Qd3 Rd8 32. Ra2 Ra8 33. Rf1 Kf8 34. c3 dxc3 35. Qxc3 Qb6 36. Qe3 Qc7 37. Ra4 Ba6 38. Bxa6 Rxa6 39. b4 Rc3 40. Qf2 Rc2 41. Qe3 Rc3 42. Qd2 Rd6 43. Qe1 axb4 44. Rxb4 Qc5+ 0-1

[Event "Reykjavik Open 2026"]
[Site "Reykjavik"]
[Date "2026.03.29"]
[Round "7.155"]
[White "Patel, Parisa"]
[Black "Mccallum, Elliot"]
[Result "0-1"]
[WhiteElo "1498"]
[WhiteFideId "343410065"]
[BlackElo "1812"]
[BlackFideId "2645718"]
[Variant "Standard"]

1. e4 c5 2. Nf3 Nc6 3. Bb5 g6 4. O-O Bg7 5. c3 Nf6 6. Re1 O-O 7. d4 d5 8. e5 Ne4 9. Qd3 Bf5 10. Qe2 cxd4 11. Bxc6 d3 12. Qxd3 bxc6 13. Qe2 Qc7 14. Bf4 Nc5 15. Nbd2 Nd3 16. Bg3 Nxe1 17. Rxe1 Qb6 18. Nb3 c5 19. Rd1 Rfd8 20. h3 a5 21. Re1 a4 22. Nc1 d4 23. cxd4 cxd4 24. Nd3 e6 25. Rd1 Rab8 26. Rd2 Bh6 27. Bf4 Bxd3 28. Qxd3 Bxf4 29. Rc2 Qb5 30. Qxb5 Rxb5 31. Rc4 Rxb2 32. g3 Bh6 33. Nxd4 Rxa2 34. Nb5 Be3 35. Nd6 Rb8 36. Ne4 Bxf2+ 37. Nxf2 Rb1+ 38. Kg2 Rbb2 39. Rf4 Rxf2+ 40. Rxf2 Rxf2+ 41. Kxf2 a3 0-1

[Event "Reykjavik Open 2026"]
[Site "Reykjavik"]
[Date "2026.03.29"]
[Round "7.156"]
[White "Erlendsson Weinert, Robin Peter"]
[Black "Stolpe, Samuel"]
[Result "1/2-1/2"]
[WhiteElo "1442"]
[WhiteFideId "2330954"]
[BlackElo "1810"]
[BlackFideId "30941202"]
[Variant "Standard"]

1. e4 e6 2. d4 d5 3. exd5 exd5 4. Nf3 Nf6 5. c4 Bb4+ 6. Nc3 O-O 7. Be2 c6 8. O-O dxc4 9. Bxc4 Bg4 10. Be3 Nbd7 11. h3 Bh5 12. g4 Bg6 13. Ne5 Nxe5 14. dxe5 Bxc3 15. bxc3 Nd5 16. Bxd5 Qxd5 17. Qxd5 cxd5 18. Rad1 Rac8 19. Bxa7 Rxc3 20. Be3 Bd3 21. Rfe1 Bc4 22. Rd2 Ra8 23. Kg2 Rca3 24. Ra1 b5 25. Bc5 Rxa2 26. Rdxa2 Rxa2 27. Rxa2 Bxa2 28. f4 f6 29. e6 d4 30. Bxd4 Bxe6 31. f5 Bd5+ 32. Kg3 Kf7 33. Bc5 g6 34. fxg6+ hxg6 35. h4 Ke6 36. Kf4 Bb3 37. Bb4 Bc2 38. Bc3 Bd1 39. Bb4 Bc2 40. Bc3 f5 41. gxf5+ Bxf5 42. Kg5 Bd3 43. h5 gxh5 44. Kxh5 Kd5 45. Kg5 Kc4 46. Bg7 b4 47. Kf4 Kb3 48. Ke3 Kc2 49. Bf6 b3 50. Bg7 Bh7 51. Bf6 b2 52. Bxb2 1/2-1/2

[Event "Reykjavik Open 2026"]
[Site "Reykjavik"]
[Date "2026.03.29"]
[Round "7.161"]
[White "Rodsmoen, Maud"]
[Black "Koppe, Cordelia"]
[Result "1-0"]
[WhiteElo "1950"]
[WhiteFideId "1510550"]
[BlackElo "1656"]
[BlackFideId "16232119"]
[Variant "Standard"]

1. e4 e6 2. d4 d5 3. Nd2 c5 4. exd5 Qxd5 5. dxc5 Bxc5 6. Ngf3 Nf6 7. Bc4 Bxf2+ 8. Kxf2 Qc5+ 9. Ke1 O-O 10. Qe2 Nc6 11. Ne4 Nxe4 12. Qxe4 b5 13. Bd3 f5 14. Qe3 Qb4+ 15. c3 Qg4 16. Bxb5 f4 17. Qe4 Nd8 18. Bd3 Qh5 19. Qe5 Qh6 20. Qg5 Qf6 21. Qxf6 Rxf6 22. Be4 Rb8 23. Kf2 Nf7 24. Rd1 g5 25. b3 g4 26. Nd4 e5 27. Nc6 Rb6 28. Ne7+ Kg7 29. Nxc8 Ra6 30. Bb2 Ng5 31. Re1 h5 32. c4 Rae6 33. c5 Rf7 34. Bd5 g3+ 35. hxg3 fxg3+ 36. Kg1 Rf2 37. Bxe5+ 1-0

[Event "Reykjavik Open 2026"]
[Site "Reykjavik"]
[Date "2026.03.29"]
[Round "7.162"]
[White "Lorenz, Constantin"]
[Black "Catapano, Alberto Pasquale"]
[Result "0-1"]
[WhiteElo "1637"]
[WhiteFideId "34672877"]
[BlackElo "1922"]
[BlackFideId "2856161"]
[Variant "Standard"]

1. e4 c6 2. d4 d5 3. exd5 cxd5 4. c4 Nf6 5. Nc3 Nc6 6. Bg5 Be6 7. cxd5 Nxd5 8. Nf3 g6 9. Bb5 Bg7 10. O-O O-O 11. Re1 Re8 12. Ne4 Qb6 13. Bxc6 Qxc6 14. Rc1 Qb6 15. Nc5 Bf5 16. Qd2 Rad8 17. b3 Bc8 18. Bh6 Bh8 19. Ne5 Nf6 20. Qf4 Qd6 21. Rcd1 Qd5 22. Bg5 Nh5 23. Qf3 f6 0-1

[Event "Reykjavik Open 2026"]
[Site "Reykjavik"]
[Date "2026.03.29"]
[Round "7.163"]
[White "Beatty, Samuel"]
[Black "Kleinert, Juergen"]
[Result "1/2-1/2"]
[WhiteElo "1633"]
[WhiteFideId "1344390"]
[BlackElo "1863"]
[BlackFideId "4659180"]
[Variant "Standard"]

1. d4 d5 2. c4 dxc4 3. Nf3 a6 4. e3 Bg4 5. Bxc4 e6 6. h3 Bh5 7. O-O Nf6 8. Nc3 c5 9. Be2 Nc6 10. dxc5 Bxc5 11. a3 O-O 12. Qc2 Qe7 13. b4 Ba7 14. Bb2 Rac8 15. Rfd1 e5 16. Nh4 Bg6 17. Nxg6 hxg6 18. Bf3 Rfe8 19. Qb3 e4 20. Be2 Red8 21. Bc4 Ne5 22. Be2 Nd3 23. Bxd3 exd3 24. Rd2 Rd6 25. Rad1 Rcd8 26. a4 Nh7 27. b5 R6d7 28. Qc4 Rc7 29. Qb3 Rcd7 30. Qc4 Rc7 1/2-1/2

[Event "Reykjavik Open 2026"]
[Site "Reykjavik"]
[Date "2026.03.29"]
[Round "7.164"]
[White "Gain, Soheil"]
[Black "Steiner, Peter Markus"]
[Result "1/2-1/2"]
[WhiteElo "1862"]
[WhiteFideId "646563"]
[BlackElo "1634"]
[BlackFideId "12938491"]
[Variant "Standard"]

1. d4 b5 2. e4 Bb7 3. Bd3 e6 4. Nf3 a6 5. O-O c5 6. c3 d6 7. a4 b4 8. Nbd2 Nf6 9. Re1 Be7 10. Nf1 O-O 11. Bg5 Nbd7 12. Rc1 a5 13. h3 Rc8 14. Qe2 h6 15. Bh4 Qb6 16. e5 dxe5 17. dxe5 Nd5 18. Qe4 N5f6 19. Qe2 Nd5 20. Qe4 N5f6 1/2-1/2

[Event "Reykjavik Open 2026"]
[Site "Reykjavik"]
[Date "2026.03.29"]
[Round "7.165"]
[White "Mahabiersing, Caspar"]
[Black "Gautier, Marc"]
[Result "0-1"]
[WhiteElo "1595"]
[WhiteFideId "40119882"]
[BlackElo "1811"]
[BlackFideId "20690657"]
[Variant "Standard"]

1. e4 e5 2. Nf3 Nc6 3. Bc4 Nf6 4. d4 exd4 5. O-O Nxe4 6. Re1 d5 7. Bxd5 Qxd5 8. Nc3 Qh5 9. Nxe4 Be6 10. Bg5 Bd6 11. Nxd6+ cxd6 12. Bf4 Qd5 13. c3 Rc8 14. Nxd4 Nxd4 15. Qxd4 Qxd4 16. cxd4 Kd7 17. b3 Rc2 18. Kf1 Rhc8 19. Re2 Bf5 20. Rxc2 Rxc2 21. Be3 a6 22. h4 Kc6 23. Rc1 d5 24. Ke1 Kb5 25. Kd1 Rxc1+ 26. Bxc1 Kb4 0-1

[Event "Reykjavik Open 2026"]
[Site "Reykjavik"]
[Date "2026.03.29"]
[Round "7.166"]
[White "Ardu, Luigi"]
[Black "Dufour, Jakob"]
[Result "1-0"]
[WhiteElo "1804"]
[WhiteFideId "811904"]
[BlackElo "1609"]
[BlackFideId "282146"]
[Variant "Standard"]

1. e4 e5 2. Nf3 Nc6 3. d4 exd4 4. Bc4 Nf6 5. e5 d5 6. Bb5 Ne4 7. Nxd4 Bc5 8. Bxc6+ bxc6 9. Be3 O-O 10. Nd2 Bxd4 11. Bxd4 Nxd2 12. Qxd2 Qe7 13. Qe3 Re8 14. O-O c5 15. Bxc5 Qxe5 16. Bxa7 Bf5 17. Qxe5 Rxe5 18. Bd4 Re2 19. a3 Rxc2 20. Rac1 Rc8 21. Rxc2 Bxc2 22. Rc1 Bf5 23. a4 g6 24. a5 Bd3 25. b4 Kf8 26. h4 h5 27. Rc3 Bc4 28. Bc5+ Kg7 29. Re3 Rd8 30. Bd4+ Kf8 31. Bf6 Rd7 32. Bd4 Rd8 33. Re1 Re8 34. Bc5+ 1-0

[Event "Reykjavik Open 2026"]
[Site "Reykjavik"]
[Date "2026.03.29"]
[Round "7.167"]
[White "Winter, Kevin"]
[Black "Aoun, Karim"]
[Result "1/2-1/2"]
[WhiteElo "1791"]
[WhiteFideId "421960"]
[BlackElo "1607"]
[BlackFideId "5314216"]
[Variant "Standard"]

1. e4 c5 2. Nc3 Nc6 3. f4 g6 4. Nf3 Bg7 5. Bb5 Nd4 6. O-O Nxb5 7. Nxb5 d5 8. exd5 a6 9. Nc3 Nf6 10. d4 cxd4 11. Qxd4 O-O 12. Be3 Ng4 13. Qd2 Nxe3 14. Qxe3 Qd6 15. a3 Bf5 16. Rac1 Bh6 17. g3 Rac8 18. Ne5 f6 19. Nf3 1/2-1/2

[Event "Reykjavik Open 2026"]
[Site "Reykjavik"]
[Date "2026.03.29"]
[Round "7.168"]
[White "Chidichimo, Pedro Jose Maria"]
[Black "Sigurbjornsson, Ivar Orn"]
[Result "1-0"]
[WhiteElo "1786"]
[WhiteFideId "24545252"]
[BlackElo "1527"]
[BlackFideId "2305305"]
[Variant "Standard"]

1. d4 Nf6 2. c4 e5 3. dxe5 Ng4 4. e3 Nxe5 5. f4 Ng6 6. a3 a5 7. Nc3 Bc5 8. Nf3 O-O 9. Be2 Re8 10. Qd3 Ra6 11. e4 Rd6 12. Qc2 Nh4 13. Nxh4 Qxh4+ 14. g3 Qf6 15. Nd5 Rxd5 16. cxd5 Qd4 17. Bf3 d6 18. Qd2 Rxe4+ 19. Kd1 Qa4+ 20. Qc2 Rd4+ 21. Bd2 Rxd2+ 22. Kxd2 Be3+ 23. Kd1 Qd4+ 24. Ke2 Bf5 25. Qc3 Qxc3 26. bxc3 Bc5 27. Kd2 Bd7 28. Rhe1 Kf8 29. Reb1 b6 30. Be2 c6 31. dxc6 Bxc6 32. Bb5 Be4 33. Re1 f5 34. g4 g6 35. gxf5 gxf5 36. Bd3 d5 37. c4 dxc4 38. Bxc4 Bf3 39. Bd3 Bg4 40. Bb5 Bh5 41. Kc3 Kg7 42. a4 Bf3 43. Re6 Bd5 44. Re5 Be4 45. Rxc5 bxc5 46. Kc4 Nc6 47. Bxc6 Bxc6 48. Kxc5 Be4 49. Kb5 Kg6 50. Kxa5 Kh5 51. Ra2 Kg4 52. Rf2 Bf3 53. Kb6 Kxf4 54. a5 Ke3 55. Rxf3+ Kxf3 56. a6 Ke2 57. a7 f4 58. a8=Q f3 59. Qe8+ Kf2 60. Kc5 1-0

[Event "Reykjavik Open 2026"]
[Site "Reykjavik"]
[Date "2026.03.29"]
[Round "7.169"]
[White "De Winter, Eric"]
[Black "Sankrithi, Sarang Athreya"]
[Result "1/2-1/2"]
[WhiteElo "1761"]
[WhiteFideId "1033069"]
[BlackElo "1491"]
[BlackFideId "39939090"]
[Variant "Standard"]

1. Nf3 d5 2. d4 Nf6 3. Bf4 c5 4. e3 Nc6 5. Be2 cxd4 6. exd4 Bg4 7. c3 e6 8. Nbd2 Be7 9. O-O Bxf3 10. Bxf3 Bd6 11. Bg3 Bxg3 12. fxg3 O-O 13. Nb3 Qc7 14. Rc1 Na5 15. Rf2 Nc4 16. Qc2 Rfe8 17. Nd2 Nxd2 18. Qxd2 h6 19. Re1 Rad8 20. Rfe2 Nd7 21. Bxd5 Nf6 22. Bb3 e5 23. Qc2 e4 24. Qd2 Re7 25. Qf4 Qxf4 26. gxf4 Rde8 27. Bc2 e3 28. b3 Nd5 29. Rc1 Nxc3 30. Bh7+ Kxh7 31. Rxc3 Re4 32. d5 Rxf4 33. Rcxe3 Rxe3 34. Rxe3 Rd4 35. Re7 Rxd5 36. Rxf7 Rd1+ 37. Kf2 Rd2+ 38. Kf3 Rxa2 39. Rxb7 Kg6 40. h4 a5 41. g4 Ra3 42. Kf4 a4 43. Rb6+ Kh7 44. bxa4 Rxa4+ 45. Kf3 h5 46. gxh5 Rxh4 47. Rb5 Kh6 48. Kg3 Rxh5 49. Rb6+ g6 50. Kg4 Ra5 51. Rc6 Ra4+ 52. Kg3 Kh5 53. Rc8 Rb4 54. Rc3 g5 55. Ra3 Rb1 56. Ra4 Rb3+ 57. Kg2 g4 58. Ra8 Rb6 59. Rh8+ Rh6 60. Rg8 Kh4 61. Rg7 Rh5 62. Rg8 Rb5 63. Rh8+ Kg5 64. Rg8+ Kf4 65. Rf8+ Rf5 66. Rg8 g3 67. Rxg3 Rb5 68. Ra3 Rb2+ 1/2-1/2

[Event "Reykjavik Open 2026"]
[Site "Reykjavik"]
[Date "2026.03.29"]
[Round "7.170"]
[White "Sankrithi, Siva"]
[Black "Bock, Dan"]
[Result "0-1"]
[WhiteElo "1575"]
[WhiteFideId "2088231"]
[BlackElo "1751"]
[BlackFideId "39915433"]
[Variant "Standard"]

1. Nf3 Nf6 2. Nc3 d5 3. e3 c5 4. Bb5+ Bd7 5. Bxd7+ Nbxd7 6. d4 e6 7. Ne2 Bd6 8. Ng3 O-O 9. Bd2 Qb6 10. b3 Rfc8 11. a4 Rc6 12. a5 Qd8 13. dxc5 Nxc5 14. Nd4 Rcc8 15. b4 Nce4 16. Nxe4 Nxe4 17. O-O Rc4 18. Rb1 Qe7 19. b5 Nxd2 20. Qxd2 Bb4 21. Qd3 Bxa5 22. e4 Bb6 23. c3 Qa3 24. Rb3 Qc5 25. exd5 Qxd5 26. Rd1 Rd8 27. f4 f6 28. Qf3 Qxf3 29. gxf3 e5 30. fxe5 fxe5 0-1

[Event "Reykjavik Open 2026"]
[Site "Reykjavik"]
[Date "2026.03.29"]
[Round "7.171"]
[White "Proudfoot, Andy"]
[Black "Tivoly, Jean-Francois"]
[Result "0-1"]
[WhiteElo "1580"]
[WhiteFideId "487910"]
[BlackElo "1743"]
[BlackFideId "652024032"]
[Variant "Standard"]

1. d4 e6 2. Nf3 d5 3. e3 a6 4. Bd3 Bd7 5. Nbd2 c5 6. b3 cxd4 7. exd4 Nc6 8. a3 Bd6 9. Bb2 Nf6 10. O-O O-O 11. Ne5 Qc7 12. f4 Be8 13. Ndf3 Ne7 14. g4 Ne4 15. Bxe4 dxe4 16. Ng5 Nd5 17. Qe1 Qxc2 18. Qxe4 Qxe4 19. Nxe4 Be7 20. Rac1 f6 21. Nd3 Bb5 22. Rfd1 Bxd3 23. Rxd3 Nxf4 24. Rd2 Rac8 25. Rdc2 Rce8 26. Kf1 Nd3 27. Rd1 Nxb2 28. Rxb2 Bxa3 29. Rc2 f5 30. gxf5 Rxf5+ 31. Kg2 Rb5 32. Rd3 Bb4 33. Rc7 Be7 34. Rg3 g6 35. h4 b6 36. h5 Rxh5 37. Rxe7 Rxe7 38. Nf6+ Kf8 39. Nxh5 gxh5 40. Rh3 Rg7+ 41. Kf3 Rg5 42. Kf4 h6 43. Re3 Ke7 44. Re5 Rxe5 0-1

[Event "Reykjavik Open 2026"]
[Site "Reykjavik"]
[Date "2026.03.29"]
[Round "7.172"]
[White "Sankrithi, Vivaan Krishna"]
[Black "Gilsson, Asmund"]
[Result "0-1"]
[WhiteElo "1503"]
[WhiteFideId "39949419"]
[BlackElo "1727"]
[BlackFideId "1541242"]
[Variant "Standard"]

1. c4 Nf6 2. Nc3 e6 3. e3 Bb4 4. d4 O-O 5. Nf3 b6 6. Bd3 Bb7 7. O-O d5 8. Bd2 Nbd7 9. Qe1 dxc4 10. Bxc4 Bxf3 11. gxf3 Re8 12. Kh1 e5 13. Rg1 exd4 14. Nb5 Bc5 15. b4 dxe3 16. fxe3 Bf8 17. Nd4 Ne5 18. Bb3 c5 19. Nf5 g6 20. Nh4 c4 21. Bc2 Nh5 22. Qe2 Qxh4 23. Be1 Qh3 24. Be4 Rad8 25. f4 Nd3 26. Bg2 Qf5 27. Bf3 Nhxf4 28. Qf1 Rxe3 29. Bd2 Ree8 30. Bg4 Qd5+ 31. Bf3 Qd4 32. Bxf4 Qxf4 33. Rd1 Bxb4 34. Rg4 Qe3 35. Bc6 Re7 36. Rg3 Qf2 37. Qh3 Re1+ 38. Rg1 Rxg1+ 39. Rxg1 Bc5 40. Qg4 Qxg1+ 41. Qxg1 Bxg1 42. Kxg1 0-1

[Event "Reykjavik Open 2026"]
[Site "Reykjavik"]
[Date "2026.03.29"]
[Round "7.174"]
[White "Austin, Hazel"]
[Black "Walshaw, David"]
[Result "1-0"]
[WhiteElo "1501"]
[WhiteFideId "39951138"]
[BlackElo "1717"]
[BlackFideId "422967"]
[Variant "Standard"]

1. e4 g6 2. d4 Bg7 3. Nc3 c5 4. dxc5 Qa5 5. Bd2 Qxc5 6. Nd5 Na6 7. Rb1 b5 8. b4 Qd6 9. Bxb5 Nf6 10. Bxa6 Bxa6 11. Bf4 e5 12. Nxf6+ Qxf6 13. Be3 O-O 14. Nf3 Qc6 15. Nd2 d5 16. exd5 Qxd5 17. Nf3 Qb5 18. Nd2 Rfd8 19. c4 Qc6 20. O-O Bxc4 21. Qc2 Bd5 22. Qxc6 Bxc6 23. Rfc1 Bb5 24. Nf3 Bd3 25. Rb3 Bc4 26. Rbc3 Be6 27. Rc7 a6 28. a4 Bd7 29. a5 Bb5 30. h3 f5 31. Bb6 Re8 32. Rb7 Rac8 33. Rcc7 Rxc7 34. Rxc7 e4 35. Nd4 Bd3 36. Rc3 Be5 37. f3 Kf7 38. fxe4 fxe4 39. Rc1 Bf4 40. Rd1 Rc8 41. Kf2 Rc4 42. Bc5 Rc3 43. Ne2 Rc2 44. Re1 Bd2 45. Rf1 Bc3 46. Kg1+ Ke8 47. Rf8+ Kd7 48. Nxc3 Rxc3 49. Rf7+ Ke6 50. Re7+ Kf5 51. Be3 h5 52. Bd4 Rc2 53. Kh2 Re2 54. Kg3 Re1 55. Re5+ 1-0

[Event "Reykjavik Open 2026"]
[Site "Reykjavik"]
[Date "2026.03.29"]
[Round "7.175"]
[White "Niori, Nona"]
[Black "Mintz, Nathan"]
[Result "0-1"]
[WhiteElo "1421"]
[WhiteFideId "7006527"]
[BlackElo "1708"]
[BlackFideId "30995540"]
[Variant "Standard"]

1. d4 Nf6 2. Nc3 d5 3. Bf4 g6 4. e3 Bg7 5. h4 h5 6. Nb5 Na6 7. Nf3 c6 8. Nc3 Nc7 9. Bd3 Bg4 10. Be5 O-O 11. Ne2 Nd7 12. Bxg7 Kxg7 13. Ng5 Bxe2 14. Qxe2 f6 15. Nh3 e5 16. dxe5 fxe5 17. e4 Ne6 18. g4 Nd4 19. Ng5 Qa5+ 20. Qd2 Qxd2+ 21. Kxd2 hxg4 22. Ke3 Nc5 23. c3 Nf3 24. exd5 Nxg5 25. hxg5 Rf3+ 26. Ke2 Nxd3 27. dxc6 bxc6 28. Rad1 e4 29. b4 Rd8 30. a4 Nf4+ 31. Ke1 Rxd1+ 32. Kxd1 Rxc3 33. Rg1 Nh3 34. Rg2 Nxg5 35. Rxg4 Kf6 36. Rf4+ Ke6 37. Rg4 Kf5 38. Rg1 Ra3 39. Ke2 Rxa4 40. Rb1 a6 41. Ke3 Ne6 42. Rb3 g5 43. Kd2 Nd4 44. Rb2 Ra3 45. Ke1 Rb3 46. Ra2 Rxb4 47. Rxa6 c5 48. Ra5 Rb5 49. Ra2 Kf4 50. Kd2 Rb3 51. Ke1 c4 52. Ra8 c3 53. Rf8+ Kg4 54. f3+ Kg3 55. Rg8 Rb1# 0-1

[Event "Reykjavik Open 2026"]
[Site "Reykjavik"]
[Date "2026.03.29"]
[Round "7.178"]
[White "Tomasdottir, Katrin Osk"]
[Black "Renaud, Jacques"]
[Result "0-1"]
[WhiteElo "1449"]
[WhiteFideId "2331560"]
[BlackElo "1704"]
[BlackFideId "651088797"]
[Variant "Standard"]

1. d4 Nf6 2. c4 e6 3. Nc3 Bb4 4. Bd2 c5 5. e3 Nc6 6. Nf3 d6 7. a3 Ba5 8. Bd3 e5 9. d5 Ne7 10. b4 Bb6 11. bxc5 Bxc5 12. Na4 e4 13. Nxc5 dxc5 14. Be2 exf3 15. Bxf3 Bf5 16. Bc3 Ng6 17. O-O Nh4 18. d6 O-O 19. Bxb7 Rb8 20. Bd5 Ne4 21. Be5 Qg5 22. g3 Bh3 23. Bf4 Qg6 24. Re1 Ng2 25. Re2 Nc3 26. Qd2 Nxe2+ 27. Qxe2 Nxf4 28. exf4 Qxd6 29. Qd3 Qf6 30. Rd1 g6 31. Qe3 Rbc8 32. Rb1 Rc7 33. Qd3 Re8 34. Rd1 Rce7 35. Qd2 Re2 36. Qa5 Qd4 0-1